01416nas a22002537a 4500999001700000005001700017007001200034008004100046022001700087022001700104040000900121082001500130245007400145260003700219300001600256310001400272365001600286500070900302650005101011651001601062655002001078856003501098942002901133 c40800d4080020200515102252.0cz aa aaaaa200428c q||poo|||| 00| 0 eng d a2664-8717(P) a2664-8725(E) coclc a420bJOU/E aInternational Journal of Research in Englishhe-Journal (Open Access) aDelhi, IndiabPrime Publications aPDF(online) aQuarterly eOpen Access aInternational Journal of Research in English is an international, peer-reviewed, open access online journal. The journal publishes related research articles in the form of original articles, review articles, short reviews, short notes etc. It encourages scholars and teachers of English and Literature to contribute their papers in the fields of Language and its research, Literature and its Applications, Creative Writing, Linguistics, Accent, Poetry, Criticism, Phonetics, Literary Criticism, Philosophy of Language, Theater, Technical Communication, Culture Studies, English novel, English poetry,Character Study, Evolution of Literature, Methodologies in Teaching and other topics related to English. 0aLanguagevEnglish & Old EnglishxEnglish92316 092254aIndia 092257ae-Journal uhttp://www.englishjournal.net/ 2ddccEJh420k420mJOU/E